El agua en nuestro organismo /
Guardado en:
| Autor Principal: | |
|---|---|
| Formato: | |
| Series: | El Cuerpo Viviente
|
| Materias: | |
| Etiquetas: |
Agregar Etiqueta
Sin Etiquetas, Sea el primero en etiquetar este registro!
|
| LEADER | 01052ngm a22003015g 4500 | ||
|---|---|---|---|
| 001 | CEM.cems021446 | ||
| 008 | 130507b1992##################0###0#####d | ||
| 005 | 20240823161436.0 | ||
| 245 | 1 | 0 | |a El agua en nuestro organismo / |c Christiaan Barnard. |
| 300 | |a 25 | ||
| 490 | 0 | |a El Cuerpo Viviente | |
| 500 | |a En soporte VHS, consultar en ventanilla. | ||
| 505 | 0 | |a El agua en nuestro organismo. Como actúa dentro del cuerpo. El transporte de los líquidos por la sangre. Aparato urinario. Filtración de los líquidos. La orina y transpiración. | |
| 538 | |a Soporte: VHS - Norma: Pal N - Color - Grabación Drd 1992 - Hitachi=0000 | ||
| 100 | 1 | |a Barnard, Christiaan | |
| 082 | 6 | 1 | |/ BAR-5 |
| 653 | |a NIVEL SECUNDARIO | ||
| 653 | |a ANATOMIA | ||
| 653 | |a FISIOLOGIA HUMANA | ||
| 653 | |a APARATO URINARIO | ||
| 653 | |a BIOLOGIA | ||
| 653 | |a AGUA | ||
| 653 | |a CUERPO HUMANO | ||
| 653 | |a ORGANISMO | ||
| 653 | |a SANGRE | ||
| 653 | |a ORINA | ||
| 653 | |a TRANSPIRACION | ||
| 859 | |a CEMS |b BIB. CEMS - Depto. Recursos Didacticos |h 611 |i BAR-5 |k DRD |p 89.12 |t Ej.1 | ||
